Tiếng Anh dùng trong ngân hàng = Banking english in expression

Nội dung sách bao gồm những mẫu câu thực dụng và văn phong tiếng Anh dùng trong ngân hàng thông dụng và dễ học, cần thiết cho người đọc trong giới ngân hàng và những người làm trong hệ thống tiền tệ khác....

全面介紹

Đã lưu trong:
書目詳細資料
格式: 圖書
語言:Undetermined
出版: Hà Nội Thời đại 2009
主題:
標簽: 添加標簽
沒有標簽, 成為第一個標記此記錄!
Thư viện lưu trữ: Trung tâm Học liệu Trường Đại học Cần Thơ
LEADER 01118nam a2200217Ia 4500
001 CTU_158969
008 210402s9999 xx 000 0 und d
020 |c 33000 
082 |a 428.24 
082 |b T306 
245 0 |a Tiếng Anh dùng trong ngân hàng = 
245 0 |b Banking english in expression 
245 0 |c Tri Thức Việt, Võ Liêm An, Võ Liêm Anh ( biên soạn ) ; David Lancasshire ( hiệu đính ) 
260 |a Hà Nội 
260 |b Thời đại 
260 |c 2009 
520 |a Nội dung sách bao gồm những mẫu câu thực dụng và văn phong tiếng Anh dùng trong ngân hàng thông dụng và dễ học, cần thiết cho người đọc trong giới ngân hàng và những người làm trong hệ thống tiền tệ khác. 
650 |a English language,Anh ngữ 
650 |x Banking english,Textbooks for foreign speakers,Tiếng Anh dùng trong ngân hàng,Sách dùng cho người nước ngoài 
904 |i QHieu 
980 |a Trung tâm Học liệu Trường Đại học Cần Thơ